| 000 | 00884nam a2200301 a 4500 | ||
|---|---|---|---|
| 001 | 60155 | ||
| 003 | CO-BoRNBP | ||
| 005 | 20251212164837.0 | ||
| 007 | ta | ||
| 008 | 870824s1986 ck a r 00010 spa d | ||
| 020 | _a9589032028 | ||
| 040 |
_ala _cla |
||
| 041 | 0 | _aspa | |
| 082 | 0 | 4 |
_a338.17 _bT35m1 |
| 100 | 1 |
_aTellez, Gonzalo. _967913 |
|
| 245 | 1 | 0 |
_aMaterias primas pecuarias y agricolas / _cGonzalo Tellez ; Fabritsio Almanza. |
| 250 | _a1a. edición | ||
| 300 |
_a393, [2] p. : _bil. ; _c23 cm. |
||
| 336 |
_2rdacontent _atexto _btxt |
||
| 337 |
_2rdamedia _asin mediación _bn |
||
| 338 |
_2rdacarrier _avolumen _bnc |
||
| 500 | _aModulo para Universidad a Distancia. | ||
| 650 | 7 |
_aMaterias primas _z Colombia. _2BLAAUTO _967914 |
|
| 650 | 7 |
_aProductos agrícolas. _2BLAAUTO _96448 |
|
| 700 | 1 |
_aAlmanza, Fabritzio. _967915 |
|
| 942 |
_2ddc _cBK |
||
| 949 |
_am _bm |
||
| 999 |
_c60155 _d60155 |
||